<?xml version="1.0" encoding="UTF-8"?>
<collection xmlns="http://www.loc.gov/MARC21/slim">
    <record>
        <controlfield tag="001">84646</controlfield>
        <controlfield tag="005">20191111224555.0</controlfield>
        <datafield tag="024" ind1="7" ind2=" ">
            <subfield code="2">doi</subfield>
            <subfield code="a">10.26754/CINAIC.2019.0131</subfield>
        </datafield>
        <datafield tag="037" ind1=" " ind2=" ">
            <subfield code="a">COMPON-2019-CINAIC-0131</subfield>
        </datafield>
        <datafield tag="041" ind1=" " ind2=" ">
            <subfield code="a">spa</subfield>
        </datafield>
        <datafield tag="100" ind1=" " ind2=" ">
            <subfield code="a">Sánchez-Azqueta, Carlos</subfield>
            <subfield code="u">Universidad de Zaragoza, España</subfield>
        </datafield>
        <datafield tag="245" ind1=" " ind2=" ">
            <subfield code="a">Intervención en el aula basada en recursos educativos de libre acceso</subfield>
        </datafield>
        <datafield tag="260" ind1=" " ind2=" ">
            <subfield code="c">2019</subfield>
        </datafield>
        <datafield tag="506" ind1=" " ind2=" ">
            <subfield code="a">Access copy available to the general public</subfield>
            <subfield code="f">Unrestricted</subfield>
        </datafield>
        <datafield tag="520" ind1="3" ind2=" ">
            <subfield code="a">- Las tecnologías de información y la comunicación (TICs) son un instrumento privilegiado para promover y facilitar el aprendizaje significativo de los alumnos ya que se basan en el aumento de la motivación. El uso de recursos multimedia y entornos virtuales de aprendizaje ya ha sido adoptado en numerosas instituciones de educación superior como parte de un proceso de aprendizaje mixto. En este trabajo se describe una acción de intervención en el aula basada en Recursos Educativos de libre Acceso (REA) con dos fases de actuación claramente diferenciadas. En la primera se ha llevado a cabo un proceso de identificación de conceptos físicos de difícil comprensión para los alumnos, seguido de un análisis de los resultados obtenidos de dicho diagnóstico. Posteriormente se ha realizado una intervención en el aula que persigue mejorar la compresión de dichos conceptos eligiendo la metodología más adecuada en función de las dificultades que se derivaron del primer análisis. Una de las metodologías propuestas es la actualización del concepto de tutoría académica mediante la realización de un canal de YouTube para alojar videotutoriales o píldoras electrónicas de refuerzo.</subfield>
        </datafield>
        <datafield tag="540" ind1=" " ind2=" ">
            <subfield code="9">info:eu-repo/semantics/openAccess</subfield>
            <subfield code="a">by-nc-nd</subfield>
            <subfield code="u">http://creativecommons.org/licenses/by-nc-nd/3.0/es/</subfield>
        </datafield>
        <datafield tag="655" ind1=" " ind2="4">
            <subfield code="a">Comunicación</subfield>
        </datafield>
        <datafield tag="700" ind1=" " ind2=" ">
            <subfield code="a">Cascarosa, Esther</subfield>
            <subfield code="u">Universidad de Zaragoza, España</subfield>
        </datafield>
        <datafield tag="700" ind1=" " ind2=" ">
            <subfield code="a">Celma, Santiago</subfield>
            <subfield code="u">Universidad de Zaragoza, España</subfield>
        </datafield>
        <datafield tag="700" ind1=" " ind2=" ">
            <subfield code="a">Gimeno, Cecilia</subfield>
            <subfield code="u">Université catholique de Louvain, Bélgica</subfield>
        </datafield>
        <datafield tag="700" ind1=" " ind2=" ">
            <subfield code="a">Aldea, Concepción</subfield>
            <subfield code="u">Universidad de Zaragoza, España</subfield>
        </datafield>
        <datafield tag="773" ind1=" " ind2=" ">
            <subfield code="d">Zaragoza</subfield>
            <subfield code="g">Aprendizaje, Innovación y Cooperación como impulsores del cambio metodológico. Actas del V Congreso Internacional sobre Aprendizaje, Innovación y Cooperación. CINAIC 2019 (9-11 de Octubre de 2019, Madrid, España)</subfield>
        </datafield>
        <datafield tag="856" ind1="4" ind2=" ">
            <subfield code="s">772626</subfield>
            <subfield code="u">http://zaguan.unizar.es/record/84646/files/131.pdf</subfield>
        </datafield>
        <datafield tag="909" ind1="C" ind2="O">
            <subfield code="o">oai:zaguan.unizar.es:84646</subfield>
            <subfield code="p">comunicaciones-ponencias</subfield>
        </datafield>
        <datafield tag="970" ind1=" " ind2=" ">
            <subfield code="a">COMPON-2019-CINAIC-0131</subfield>
        </datafield>
        <datafield tag="980" ind1=" " ind2=" ">
            <subfield code="a">COMPON</subfield>
        </datafield>
    </record>

    
</collection>